000 00653nam a2200229Ia 4500
003 OSt
005 20221007064140.0
006 a|||||r|||| 00| 0
007 ta
008 221006b |||||||| |||| 00| 0 eng d
024 _a14,597
037 _cTextual
040 _aFLL
_cFLL
_beng
041 _2eng
_aeng
082 _aX:655:Z654, K5
100 _aProehl Paul O.
_9116574
245 0 _aForeign enterprise in nigeria law & policies
260 _aChapel
_bHill The University of North Carolina Press Chapel Hill
_c1965
300 _a250p
_ccm.
942 _hX:655:Z654, K5
_cTEXL
_2CC
999 _c1133116
_d1133116